| 000 | 00517nam a2200169 4500 | ||
|---|---|---|---|
| 001 | 137924 | ||
| 003 | ES-MaACL | ||
| 005 | 20230906195453.0 | ||
| 007 | t| | ||
| 008 | 070214s1973 sp r ||||1| spa d | ||
| 100 | 1 |
_aSánchez Doncel, Gregorio. _9102616 |
|
| 245 | 1 | 0 |
_aGaspar Casal y su obra / _cGregorio Sánchez Doncel. |
| 260 |
_aOviedo : _bInstituto de Estudios Asturianos, _c1973. |
||
| 300 |
_a124 p. ; _c21 cm. |
||
| 710 | 2 |
_aInstituto de Estudios Asturianos. _94889 |
|
| 852 |
_aES-MaACL _jC-56020 _bR.88607 |
||
| 999 |
_c137924 _d137924 |
||